000 00697nam a22001937a 4500
999 _c15966
_d15966
003 AR-CdUCM
008 190430b ||||| |||| 00| 0 spa d
040 _aMUNICIPALIDAD PROVINCIAL DEL CUSCO
_cBIBLIOTECA MUNICIPAL DEL CUSCO
082 _a860.8 /
_bG92
100 _aGuillén, Jorge
_935222
245 _aSelección de poemas /
260 _aMadrid :
_bGredos,
_c1965.
300 _a294 páginas ;
_c20 cm.
440 _aBiblioteca romántica hispánica ;
_n6
_935223
505 _aContenido: Al aire de tu vuelo -- Las horas situadas -- El pájaro en la mano -- Aquí mismo -- Tiempo de historia ...
650 _aPoesías españolas
_92005
942 _2ddc
_cLIBROS
945 _aacv
_d2019-04-30